Sexualidad de los niños, niñas y jóvenes con discapacidad /

Gardado en:
Detalles Bibliográficos
Autor Principal: Rivera Sánchez, Paola
Formato: Texto
Etiquetas: Engadir etiqueta
Sen Etiquetas, Sexa o primeiro en etiquetar este rexistro!

MARC

LEADER 00000 a a2200000 04500
001 5539
003
040
100 |a Rivera Sánchez, Paola  
245 |a Sexualidad de los niños, niñas y jóvenes con discapacidad /  |c Paola Rivera Sánchez 
773 |g volumen 32, número 1; páginas 157-170  
999 |c 29742  |d 29742